[Event "Bundesliga 9798"]
[Site "Deutschland"]
[Date "1998.??.??"]
[Round "?.8"]
[White "Oswald, Hans Joachim"]
[Black "De Gleria, Francesco"]
[Result "0-1"]
[WhiteElo "2330"]
[BlackElo "2235"]
[PlyCount "116"]
[EventDate "1997.10.??"]
[EventType "team"]
[EventRounds "15"]
[EventCountry "GER"]
[SourceTitle "Bundesliga 9798"]
[Source "DeepChess"]
[SourceDate "2005.01.01"]
[SourceVersion "1"]
[SourceVersionDate "2005.01.01"]
[SourceQuality "1"]
[WhiteTeam "SVG Plettenberg"]
[BlackTeam "SG Bochum 31"]
[WhiteTeamCountry "GER"]
[BlackTeamCountry "GER"]

1. Nf3 Nf6 2. c4 g6 3. Nc3 Bg7 4. g3 O-O 5. Bg2 d6 6. O-O e5 7. d3 Nc6 8. Rb1
a5 9. a3 Bf5 10. e4 Bg4 11. h3 Bxf3 12. Bxf3 Nd4 13. Bg2 c6 14. Ne2 Nd7 15. h4
a4 16. Bg5 Qc7 17. h5 Nc5 18. hxg6 hxg6 19. Nxd4 exd4 20. Bh3 Ra6 21. Qf3 Rb6
22. Rfd1 Rb3 23. Bf4 Qe7 24. Bf1 Qf6 25. Qg4 Re8 26. Be2 Qe6 27. Qxe6 Rxe6 28.
Rd2 Be5 29. Bxe5 Rxe5 30. Rc1 Kg7 31. Kg2 Re8 32. f3 Ra8 33. Rcc2 f5 34. Bf1
Ra6 35. Kf2 Rab6 36. Be2 fxe4 37. fxe4 Nd7 38. Bd1 Ne5 39. Be2 c5 40. Kg2 Kf7
41. Kf2 Kf6 42. Kg2 Kg5 43. Kf2 Ra6 44. Kg2 b5 45. cxb5 Rb6 46. Rc4 R6xb5 47.
Rxa4 Rxb2 48. Rxb2 Rxb2 49. Kf1 c4 50. dxc4 Rb1+ 51. Kg2 d3 52. Bxd3 Rb2+ 53.
Kg1 Nxd3 54. Ra6 Nc5 55. Rxd6 Nxe4 56. Rd5+ Kg4 57. Rd4 Kxg3 58. Rd3+ Kf4 0-1

[Event "Bundesliga 9798"]
[Site "Deutschland"]
[Date "1997.??.??"]
[Round "?.1"]
[White "Womacka, Mathias"]
[Black "Krasenkow, Michal"]
[Result "0-1"]
[WhiteElo "2475"]
[BlackElo "2645"]
[PlyCount "116"]
[EventDate "1997.10.??"]
[EventType "team"]
[EventRounds "15"]
[EventCountry "GER"]
[SourceTitle "Bundesliga 9798"]
[Source "DeepChess"]
[SourceDate "2005.01.01"]
[SourceVersion "1"]
[SourceVersionDate "2005.01.01"]
[SourceQuality "1"]
[WhiteTeam "USG Chemnitz"]
[BlackTeam "SG Bochum 31"]
[WhiteTeamCountry "GER"]
[BlackTeamCountry "GER"]

1. e4 c5 2. Nf3 Nc6 3. d4 cxd4 4. Nxd4 Nf6 5. Nc3 e5 6. Ndb5 d6 7. Bg5 a6 8.
Na3 b5 9. Nd5 Be7 10. Nxe7 Nxe7 11. Bd3 Bb7 12. Qe2 Nd7 13. c4 b4 14. Nc2 a5
15. f3 Nc5 16. O-O Qb6 17. Be3 Nc6 18. Rfd1 O-O 19. Qf2 Nd8 20. Qd2 Nde6 21.
Bf2 Rfd8 22. Bf1 b3 23. axb3 Qxb3 24. Na3 Qb4 25. Qxb4 axb4 26. Nb5 Rxa1 27.
Rxa1 Kf8 28. g3 Ke7 29. Be1 b3 30. Bb4 Bc6 31. Kf2 Rd7 32. Na7 Rc7 33. Nxc6+
Rxc6 34. Ra7+ Kf6 35. Bc3 Nd4 36. Bxd4 exd4 37. Ke2 Rb6 38. Kd2 Rb4 39. h4 g6
40. Be2 h6 41. Ra8 g5 42. h5 Ra4 43. Rxa4 Nxa4 44. Kd3 Ke5 45. f4+ gxf4 46.
gxf4+ Kxf4 47. Kxd4 Nxb2 48. Kc3 Na4+ 49. Kxb3 Nc5+ 50. Kc3 Kxe4 51. Kd2 f5 52.
Bd1 f4 53. Ke2 f3+ 54. Kf2 Nd3+ 55. Kg3 Ne5 56. Ba4 Ke3 57. Bb5 f2 58. Kg2 Nf3
0-1

[Event "Bundesliga 9798"]
[Site "Deutschland"]
[Date "1997.??.??"]
[Round "?.2"]
[White "Alterman, Boris"]
[Black "Roesch, Arnd"]
[Result "1-0"]
[WhiteElo "2615"]
[BlackElo "2350"]
[PlyCount "95"]
[EventDate "1997.10.??"]
[EventType "team"]
[EventRounds "15"]
[EventCountry "GER"]
[SourceTitle "Bundesliga 9798"]
[Source "DeepChess"]
[SourceDate "2005.01.01"]
[SourceVersion "1"]
[SourceVersionDate "2005.01.01"]
[SourceQuality "1"]
[WhiteTeam "SG Bochum 31"]
[BlackTeam "USG Chemnitz"]
[WhiteTeamCountry "GER"]
[BlackTeamCountry "GER"]

1. c4 Nf6 2. Nc3 d5 3. cxd5 Nxd5 4. g3 Nb6 5. Bg2 g6 6. d3 Bg7 7. Be3 O-O 8.
Qc1 Nc6 9. Bxc6 bxc6 10. Bh6 c5 11. Bxg7 Kxg7 12. Nf3 Bb7 13. Qe3 c4 14. O-O-O
Bxf3 15. exf3 cxd3 16. Rxd3 Qe8 17. h4 Qc6 18. h5 Nc4 19. Qd4+ f6 20. Qd7 Ne5
21. Qxc6 Nxc6 22. Rd7 Rac8 23. hxg6 hxg6 24. f4 Rfd8 25. Rhd1 Kf7 26. Rxd8 Nxd8
27. Rd5 Ke6 28. Ra5 Nc6 29. Ra6 Kd7 30. a3 Rh8 31. b4 Rh2 32. Ne4 f5 33. Nc5+
Kd6 34. Nd3 Kd5 35. Kd2 Rh1 36. Ne1 Rh2 37. Nc2 Nb8 38. Ra5+ Kd6 39. Ke2 a6 40.
Ne3 Rh1 41. Nc4+ Ke6 42. Ne5 Rb1 43. Nxg6 Rb2+ 44. Kf3 Kf6 45. Ne5 Rc2 46. Ke3
e6 47. Rc5 Rxc5 48. bxc5 1-0

[Event "Bundesliga 9798"]
[Site "Deutschland"]
[Date "1997.??.??"]
[Round "?.3"]
[White "Kunze, Carlo"]
[Black "Keitlinghaus, Ludger"]
[Result "1/2-1/2"]
[WhiteElo "2340"]
[BlackElo "2525"]
[PlyCount "45"]
[EventDate "1997.10.??"]
[EventType "team"]
[EventRounds "15"]
[EventCountry "GER"]
[SourceTitle "Bundesliga 9798"]
[Source "DeepChess"]
[SourceDate "2005.01.01"]
[SourceVersion "1"]
[SourceVersionDate "2005.01.01"]
[SourceQuality "1"]
[WhiteTeam "USG Chemnitz"]
[BlackTeam "SG Bochum 31"]
[WhiteTeamCountry "GER"]
[BlackTeamCountry "GER"]

1. d4 Nf6 2. c4 e6 3. Nc3 Bb4 4. e3 c5 5. Bd3 Nc6 6. Nge2 cxd4 7. exd4 d5 8.
O-O O-O 9. a3 Be7 10. Bf4 dxc4 11. Bxc4 Nd5 12. Bxd5 exd5 13. Qb3 b6 14. Qxd5
Bb7 15. Qxd8 Rfxd8 16. Rfd1 Rd7 17. Rd2 Rad8 18. Rad1 Na5 19. b4 Nc4 20. Ra2 g5
21. Bc1 h6 22. Rc2 Bf6 23. Be3 1/2-1/2

[Event "Bundesliga 9798"]
[Site "Deutschland"]
[Date "1997.??.??"]
[Round "?.4"]
[White "Reschke, Stefan"]
[Black "Lorenz, Gerd"]
[Result "0-1"]
[WhiteElo "2415"]
[BlackElo "2305"]
[PlyCount "160"]
[EventDate "1997.10.??"]
[EventType "team"]
[EventRounds "15"]
[EventCountry "GER"]
[SourceTitle "Bundesliga 9798"]
[Source "DeepChess"]
[SourceDate "2005.01.01"]
[SourceVersion "1"]
[SourceVersionDate "2005.01.01"]
[SourceQuality "1"]
[WhiteTeam "SG Bochum 31"]
[BlackTeam "USG Chemnitz"]
[WhiteTeamCountry "GER"]
[BlackTeamCountry "GER"]

1. d4 d6 2. g3 e5 3. dxe5 dxe5 4. Qxd8+ Kxd8 5. f4 exf4 6. Bxf4 Bd6 7. Bxd6
cxd6 8. Nc3 Nf6 9. Rd1 Ke7 10. Nb5 Ne8 11. Bg2 Nc6 12. Nh3 a6 13. Nd4 Ne5 14.
Nf4 Nf6 15. b3 Rb8 16. O-O Bd7 17. Rd2 Rhc8 18. Nd3 Nc6 19. Rf4 Rc7 20. c4 Nxd4
21. Rxd4 Bc6 22. Nb4 Bxg2 23. Kxg2 Rd8 24. g4 Rc5 25. h4 Re5 26. Kf3 h6 27. Nd3
Ra5 28. b4 Ra3 29. e3 Re8 30. g5 hxg5 31. hxg5 Nh7 32. Rg4 Kf8 33. Rh2 Rxd3 34.
Rxh7 Rdxe3+ 35. Kf2 Re2+ 36. Kf1 Re1+ 37. Kf2 R8e2+ 38. Kf3 Re3+ 39. Kf2 R1e2+
40. Kf1 Rxa2 41. Rh8+ Ke7 42. Rb8 Rf3+ 43. Kg1 Rc3 44. Re4+ Kd7 45. Rxb7+ Kc6
46. Rbe7 Rc1+ 47. Re1 Rxc4 48. Rxf7 Rg4+ 49. Kf1 Rxg5 50. Rc1+ Kd5 51. Re7 Rd2
52. Ra7 Rh5 53. Kg1 Rd4 54. Rxa6 Rg4+ 55. Kf2 Rf5+ 56. Ke3 Re4+ 57. Kd2 Rf2+
58. Kd3 Rf3+ 59. Kd2 Rxb4 60. Ke2 Rf6 61. Rg1 g6 62. Ra5+ Ke6 63. Rag5 Kf7 64.
R1g3 Rb2+ 65. Ke1 Rh2 66. R5g4 d5 67. Rg2 Rxg2 68. Rxg2 Ra6 69. Rg5 Ra5 70. Ke2
Kf6 71. Rg1 Ra3 72. Rd1 Ke5 73. Rg1 Kf5 74. Rh1 g5 75. Rh8 g4 76. Rf8+ Ke4 77.
Re8+ Kd4 78. Rg8 Ra2+ 79. Kf1 Ke3 80. Rxg4 Kf3 0-1

[Event "Bundesliga 9798"]
[Site "Deutschland"]
[Date "1997.??.??"]
[Round "?.6"]
[White "Backwinkel, Paul"]
[Black "Mirschinka, Dirk"]
[Result "1-0"]
[WhiteElo "2395"]
[BlackElo "2260"]
[PlyCount "117"]
[EventDate "1997.10.??"]
[EventType "team"]
[EventRounds "15"]
[EventCountry "GER"]
[SourceTitle "Bundesliga 9798"]
[Source "DeepChess"]
[SourceDate "2005.01.01"]
[SourceVersion "1"]
[SourceVersionDate "2005.01.01"]
[SourceQuality "1"]
[WhiteTeam "SG Bochum 31"]
[BlackTeam "USG Chemnitz"]
[WhiteTeamCountry "GER"]
[BlackTeamCountry "GER"]

1. d4 d6 2. e4 Nf6 3. Nd2 g6 4. Ngf3 Bg7 5. c3 O-O 6. Bd3 c5 7. dxc5 dxc5 8.
Qc2 Nc6 9. O-O b6 10. Re1 Nd7 11. Bf1 Bb7 12. a4 Qc7 13. Nc4 Nde5 14. Nfxe5
Nxe5 15. a5 Ng4 16. g3 b5 17. a6 Bc6 18. Na5 Bd7 19. Bg2 Ne5 20. f4 Nc6 21. Nb7
c4 22. e5 Nd8 23. Be3 Bc6 24. Bxc6 Nxc6 25. Qe4 e6 26. Red1 Ne7 27. Bc5 Rfc8
28. Bxe7 Qxe7 29. Nd6 Rd8 30. Qb7 Bf8 31. Qxb5 Qc7 32. Nb7 Rxd1+ 33. Rxd1 h5
34. Rd4 Rc8 35. Rd7 Qc6 36. Qxc6 Rxc6 37. Nd6 Rxa6 38. Nxc4 Bc5+ 39. Kg2 Ra4
40. b4 Bb6 41. Nxb6 axb6 42. h4 Ra2+ 43. Kf3 Rc2 44. Rc7 b5 45. Rc5 Kg7 46. Ke4
Re2+ 47. Kf3 Rc2 48. g4 hxg4+ 49. Kxg4 Rg2+ 50. Kf3 Rh2 51. Rxb5 Rh3+ 52. Ke4
Rxc3 53. Rc5 Rb3 54. Rc4 Rh3 55. Kd4 Rxh4 56. Kc5 f6 57. b5 fxe5 58. fxe5 Rh8
59. Kd6 1-0

[Event "Bundesliga 9798"]
[Site "Deutschland"]
[Date "1997.??.??"]
[Round "?.7"]
[White "Helbig, Uwe"]
[Black "Ankerst, Mihael"]
[Result "1/2-1/2"]
[WhiteElo "2240"]
[BlackElo "2350"]
[PlyCount "104"]
[EventDate "1997.10.??"]
[EventType "team"]
[EventRounds "15"]
[EventCountry "GER"]
[SourceTitle "Bundesliga 9798"]
[Source "DeepChess"]
[SourceDate "2005.01.01"]
[SourceVersion "1"]
[SourceVersionDate "2005.01.01"]
[SourceQuality "1"]
[WhiteTeam "USG Chemnitz"]
[BlackTeam "SG Bochum 31"]
[WhiteTeamCountry "GER"]
[BlackTeamCountry "GER"]

1. d4 Nf6 2. Nf3 g6 3. Bg5 Bg7 4. Nbd2 d5 5. e3 O-O 6. Bd3 Nbd7 7. O-O Re8 8.
c4 c5 9. cxd5 Nxd5 10. Qb3 N5b6 11. Rac1 cxd4 12. Nxd4 Nf6 13. Bb5 Bd7 14. Rfd1
Rc8 15. Nc4 Ne4 16. Nxb6 Rxc1 17. Rxc1 axb6 18. Nf3 Bxb5 19. Qxb5 Nxg5 20. Nxg5
Rf8 21. Nf3 Qd6 22. Qe2 Rd8 23. b3 h6 24. g3 g5 25. h3 Bf6 26. Rc2 Qe6 27. Kh2
h5 28. Rd2 Rc8 29. Nd4 Qe4 30. Qxh5 Rd8 31. Qd1 Rd5 32. Qc2 Qxc2 33. Rxc2 Bxd4
34. exd4 Rxd4 35. Rc7 Kf8 36. Rxb7 Rd2 37. Kg1 Rxa2 38. Rxb6 Rb2 39. Rb7 e6 40.
Kg2 Kg7 41. Kf3 Kg6 42. Rb8 Kf5 43. Rb5+ Kg6 44. b4 Rb3+ 45. Kg2 Kf6 46. Rb8 e5
47. b5 e4 48. Kf1 e3 49. f3 Rb2 50. b6 Kf5 51. b7 Rf2+ 52. Ke1 Rb2 1/2-1/2

[Event "Bundesliga 9798"]
[Site "Deutschland"]
[Date "1997.??.??"]
[Round "?.8"]
[White "Kitte, Sebastian"]
[Black "Ahner, Andreas"]
[Result "1-0"]
[WhiteElo "2305"]
[BlackElo "2250"]
[PlyCount "83"]
[EventDate "1997.10.??"]
[EventType "team"]
[EventRounds "15"]
[EventCountry "GER"]
[SourceTitle "Bundesliga 9798"]
[Source "DeepChess"]
[SourceDate "2005.01.01"]
[SourceVersion "1"]
[SourceVersionDate "2005.01.01"]
[SourceQuality "1"]
[WhiteTeam "SG Bochum 31"]
[BlackTeam "USG Chemnitz"]
[WhiteTeamCountry "GER"]
[BlackTeamCountry "GER"]

1. d4 Nf6 2. c4 g6 3. Nc3 Bg7 4. e4 d6 5. Nf3 O-O 6. Be2 e5 7. d5 a5 8. h3 Na6
9. Bg5 Nc5 10. Nd2 Bd7 11. g4 c6 12. Rb1 Qe8 13. a3 a4 14. f3 Kh8 15. h4 Ng8
16. Be3 cxd5 17. cxd5 f5 18. Nc4 Qe7 19. g5 Be8 20. Bxc5 dxc5 21. d6 Qd8 22.
Qd5 b5 23. Nxe5 b4 24. Nd1 Ra7 25. O-O h6 26. f4 Rd7 27. Nxd7 Bd4+ 28. Kh2 Qxd7
29. e5 Bf7 30. Qf3 Rb8 31. Ne3 bxa3 32. bxa3 Rb3 33. Rxb3 axb3 34. Nc4 b2 35.
Rb1 Qa7 36. Rxb2 Bxb2 37. Nxb2 Qa5 38. Nd1 Qd2 39. e6 Bxe6 40. Qc3+ Qd4 41.
Qxd4+ cxd4 42. Bb5 1-0

[Event "Bundesliga 9798"]
[Site "Deutschland"]
[Date "1997.??.??"]
[Round "?.1"]
[White "Lutz, Christopher"]
[Black "Gavrikov, Viktor"]
[Result "1-0"]
[WhiteElo "2590"]
[BlackElo "2575"]
[PlyCount "55"]
[EventDate "1997.10.??"]
[EventType "team"]
[EventRounds "15"]
[EventCountry "GER"]
[SourceTitle "Bundesliga 9798"]
[Source "DeepChess"]
[SourceDate "2005.01.01"]
[SourceVersion "1"]
[SourceVersionDate "2005.01.01"]
[SourceQuality "1"]
[WhiteTeam "SG Porz e.V."]
[BlackTeam "SK Passau 1869"]
[WhiteTeamCountry "GER"]
[BlackTeamCountry "GER"]

1. e4 c5 2. Nf3 d6 3. d4 Nf6 4. Nc3 cxd4 5. Nxd4 a6 6. Be2 e5 7. Nb3 Be7 8. O-O
O-O 9. Be3 Be6 10. Nd5 Nxd5 11. exd5 Bf5 12. Qd2 a5 13. f4 a4 14. fxe5 axb3 15.
Rxf5 Rxa2 16. Raf1 Rxb2 17. e6 Rxc2 18. Qd1 Bf6 19. Rxf6 gxf6 20. Bd3 fxe6 21.
Bxh7+ Kf7 22. Qg4 Ke8 23. Qxe6+ Qe7 24. Bg6+ Kd8 25. Bb6+ Rc7 26. Qxe7+ Kxe7
27. Bxc7 Nd7 28. Bf5 1-0

[Event "Bundesliga 9798"]
[Site "Deutschland"]
[Date "1997.??.??"]
[Round "?.3"]
[White "Vaganian, Rafael A"]
[Black "Smejkal, Jan"]
[Result "1/2-1/2"]
[WhiteElo "2640"]
[BlackElo "2525"]
[PlyCount "67"]
[EventDate "1997.10.??"]
[EventType "team"]
[EventRounds "15"]
[EventCountry "GER"]
[SourceTitle "Bundesliga 9798"]
[Source "DeepChess"]
[SourceDate "2005.01.01"]
[SourceVersion "1"]
[SourceVersionDate "2005.01.01"]
[SourceQuality "1"]
[WhiteTeam "SG Porz e.V."]
[BlackTeam "SK Passau 1869"]
[WhiteTeamCountry "GER"]
[BlackTeamCountry "GER"]

1. d4 Nf6 2. c4 g6 3. g3 Bg7 4. Bg2 O-O 5. Nc3 d6 6. Nf3 c6 7. O-O Qa5 8. e4 e5
9. h3 Nbd7 10. Re1 exd4 11. Nxd4 Ne5 12. Bf1 Re8 13. Be3 Be6 14. Nxe6 Rxe6 15.
Kg2 Rae8 16. Rb1 a6 17. b4 Qc7 18. c5 d5 19. Bf4 Rd8 20. exd5 Nxd5 21. Nxd5
Rxd5 22. Qb3 Qe7 23. Red1 Rxd1 24. Rxd1 g5 25. Bc1 h5 26. Rd6 Rxd6 27. cxd6
Qxd6 28. Bxg5 Bf6 29. Bf4 Qd4 30. Bxe5 Qxe5 31. Bc4 Qe4+ 32. Kh2 Kg7 33. Qd3
Qxd3 34. Bxd3 1/2-1/2

[Event "Bundesliga 9798"]
[Site "Deutschland"]
[Date "1997.??.??"]
[Round "?.4"]
[White "Pichler, Juergen"]
[Black "Nijboer, Friso"]
[Result "0-1"]
[WhiteElo "2395"]
[BlackElo "2605"]
[PlyCount "92"]
[EventDate "1997.10.??"]
[EventType "team"]
[EventRounds "15"]
[EventCountry "GER"]
[SourceTitle "Bundesliga 9798"]
[Source "DeepChess"]
[SourceDate "2005.01.01"]
[SourceVersion "1"]
[SourceVersionDate "2005.01.01"]
[SourceQuality "1"]
[WhiteTeam "SK Passau 1869"]
[BlackTeam "SG Porz e.V."]
[WhiteTeamCountry "GER"]
[BlackTeamCountry "GER"]

1. d4 Nf6 2. c4 g6 3. Nc3 Bg7 4. e4 d6 5. Nf3 O-O 6. Be2 e5 7. d5 Na6 8. Bg5 h6
9. Bh4 Bd7 10. Nd2 c6 11. O-O Rc8 12. a3 Re8 13. Rc1 Qe7 14. b4 c5 15. Rb1 h5
16. Bg5 Qf8 17. Nb3 cxb4 18. axb4 Nxb4 19. Be3 b6 20. Nd2 Na6 21. Ra1 Nc5 22.
Rxa7 Bh6 23. Nb3 Ra8 24. Rxa8 Rxa8 25. Nxc5 bxc5 26. Qd2 Bxe3 27. Qxe3 Ra3 28.
Qc1 Rb3 29. f4 Qe7 30. f5 Kg7 31. Rf3 Nh7 32. fxg6 fxg6 33. Nd1 Rb8 34. Nf2 Qg5
35. Qe1 Nf6 36. Bf1 Rb2 37. Qa5 Bg4 38. Qc7+ Kh6 39. Nxg4+ hxg4 40. Rd3 Nxe4
41. Qf7 Rf2 42. Qxf2 Nxf2 43. Kxf2 Qf4+ 44. Ke1 e4 45. Rg3 e3 46. Be2 Qd4 0-1

[Event "Bundesliga 9798"]
[Site "Deutschland"]
[Date "1997.??.??"]
[Round "?.7"]
[White "Van der Wiel, John TH"]
[Black "Gross, David2"]
[Result "0-1"]
[WhiteElo "2525"]
[BlackElo "2305"]
[PlyCount "75"]
[EventDate "1997.10.??"]
[EventType "team"]
[EventRounds "15"]
[EventCountry "GER"]
[SourceTitle "Bundesliga 9798"]
[Source "DeepChess"]
[SourceDate "2005.01.01"]
[SourceVersion "1"]
[SourceVersionDate "2005.01.01"]
[SourceQuality "1"]
[WhiteTeam "SG Porz e.V."]
[BlackTeam "SK Passau 1869"]
[WhiteTeamCountry "GER"]
[BlackTeamCountry "GER"]

1. e4 c5 2. Nf3 Nc6 3. d4 cxd4 4. Nxd4 Nf6 5. Nc3 d6 6. Bg5 e6 7. Qd2 a6 8.
O-O-O h6 9. Be3 Be7 10. f4 Bd7 11. Kb1 b5 12. Bd3 Qc7 13. h3 O-O 14. g4 Nxd4
15. Bxd4 b4 16. Ne2 e5 17. fxe5 dxe5 18. Be3 Bc5 19. Ng3 Bxe3 20. Qxe3 a5 21.
Rdf1 Nh7 22. Nf5 Be6 23. h4 a4 24. Qd2 b3 25. cxb3 axb3 26. a3 Rfd8 27. Qe2
Bxf5 28. gxf5 Rd4 29. Rc1 Qd6 30. Rc3 Rd8 31. Rh3 Qb6 32. Rh1 Nf6 33. Ka1 Qb7
34. Re1 Nxe4 35. Bxe4 Rxe4 36. Re3 Red4 37. Rxe5 Kh7 38. f6 0-1

[Event "Bundesliga 9798"]
[Site "Deutschland"]
[Date "1997.??.??"]
[Round "?.8"]
[White "Goetz, Ralph"]
[Black "Brunner, Lucas"]
[Result "0-1"]
[WhiteElo "2295"]
[BlackElo "2465"]
[PlyCount "74"]
[EventDate "1997.10.??"]
[EventType "team"]
[EventRounds "15"]
[EventCountry "GER"]
[SourceTitle "Bundesliga 9798"]
[Source "DeepChess"]
[SourceDate "2005.01.01"]
[SourceVersion "1"]
[SourceVersionDate "2005.01.01"]
[SourceQuality "1"]
[WhiteTeam "SK Passau 1869"]
[BlackTeam "SG Porz e.V."]
[WhiteTeamCountry "GER"]
[BlackTeamCountry "GER"]

1. e4 c5 2. Nf3 d6 3. d4 cxd4 4. Nxd4 Nf6 5. Nc3 a6 6. g3 e6 7. Bg2 Be7 8. O-O
O-O 9. a4 Nc6 10. Nb3 Na5 11. Nxa5 Qxa5 12. Be3 Bd7 13. Qd2 Kh8 14. h3 Rac8 15.
g4 Rc4 16. g5 Ng8 17. Rfd1 Rfc8 18. Bf1 R4c6 19. f4 Bf8 20. Qf2 Ne7 21. Bd3 d5
22. e5 Nf5 23. Bxf5 exf5 24. Rxd5 Qc7 25. Rd2 Be6 26. Rc1 Qa5 27. Ne2 Qxa4 28.
Nd4 R6c7 29. Nxe6 fxe6 30. c3 Rd7 31. Rcd1 Qxd1+ 32. Rxd1 Rxd1+ 33. Kg2 Rd5 34.
Qe2 Bc5 35. Qc4 b5 36. Qe2 Rcd8 37. Kf3 Rd3 0-1

[Event "Bundesliga 9798"]
[Site "Deutschland"]
[Date "1998.??.??"]
[Round "?.2"]
[White "Khalifman, Alexander"]
[Black "Roos, Daniel"]
[Result "1-0"]
[WhiteElo "2655"]
[BlackElo "2420"]
[PlyCount "95"]
[EventDate "1997.10.??"]
[EventType "team"]
[EventRounds "15"]
[EventCountry "GER"]
[SourceTitle "Bundesliga 9798"]
[Source "DeepChess"]
[SourceDate "2005.01.01"]
[SourceVersion "1"]
[SourceVersionDate "2005.01.01"]
[SourceQuality "1"]
[WhiteTeam "SG Porz e.V."]
[BlackTeam "SK Zaehringen 1921"]
[WhiteTeamCountry "GER"]
[BlackTeamCountry "GER"]

1. d4 Nf6 2. Nf3 g6 3. c4 Bg7 4. Nc3 d5 5. cxd5 Nxd5 6. e4 Nxc3 7. bxc3 O-O 8.
Be2 c5 9. Rb1 Nc6 10. d5 Ne5 11. Nxe5 Bxe5 12. Qd2 e6 13. f4 Bc7 14. O-O exd5
15. exd5 Ba5 16. d6 Rb8 17. Ba3 Bf5 18. Rbd1 b6 19. h3 Qf6 20. Bb2 Rbd8 21. Bb5
Bd7 22. c4 Qf5 23. Bxd7 Rxd7 24. Qe2 Qe6 25. Qxe6 fxe6 26. Be5 a6 27. Rf3 Bb4
28. Rb3 Kf7 29. Kf2 Rb7 30. Ke3 Ke8 31. Ke4 Kd7 32. h4 b5 33. Rc1 Kc6 34. g4
bxc4 35. Rxc4 Rfb8 36. d7 Rd8 37. a3 Ba5 38. Rxc5+ Kxc5 39. Rxb7 Kc6 40. Ra7
Bb6 41. Rxa6 Rxd7 42. Ra8 Bd8 43. h5 gxh5 44. gxh5 Rd2 45. Ra7 Rh2 46. Rxh7 Rh3
47. h6 Bb6 48. Bd4 1-0

[Event "Bundesliga 9798"]
[Site "Deutschland"]
[Date "1998.??.??"]
[Round "?.4"]
[White "Hansen, Curt"]
[Black "Maier, Christian"]
[Result "1-0"]
[WhiteElo "2600"]
[BlackElo "2380"]
[PlyCount "77"]
[EventDate "1997.10.??"]
[EventType "team"]
[EventRounds "15"]
[EventCountry "GER"]
[SourceTitle "Bundesliga 9798"]
[Source "DeepChess"]
[SourceDate "2005.01.01"]
[SourceVersion "1"]
[SourceVersionDate "2005.01.01"]
[SourceQuality "1"]
[WhiteTeam "SG Porz e.V."]
[BlackTeam "SK Zaehringen 1921"]
[WhiteTeamCountry "GER"]
[BlackTeamCountry "GER"]

1. e4 e6 2. d4 d5 3. Nd2 Nf6 4. e5 Nfd7 5. c3 c5 6. Bd3 Nc6 7. Ne2 cxd4 8. cxd4
f6 9. exf6 Qxf6 10. Nf3 Bd6 11. Bg5 Qf7 12. Bh4 e5 13. dxe5 Ndxe5 14. Nxe5 Bxe5
15. Qc2 Qh5 16. Bg3 O-O 17. O-O Bf5 18. Bxf5 Qxf5 19. Qb3 Bxg3 20. hxg3 Rae8
21. Nc3 Nd4 22. Qxb7 Ne2+ 23. Nxe2 Rxe2 24. Rad1 Rxf2 25. Rxf2 Qxf2+ 26. Kh2 h6
27. Qxd5+ Kh8 28. Qe5 Qc2 29. Rd6 Kh7 30. Rd7 Qg6 31. Rxa7 Rf2 32. Rd7 Qg4 33.
Rb7 h5 34. a3 Rf1 35. Rb4 Qd1 36. Qe4+ Kg8 37. Rb8+ Kf7 38. Qe8+ Kf6 39. Rb6+
1-0

[Event "Bundesliga 9798"]
[Site "Deutschland"]
[Date "1998.??.??"]
[Round "?.5"]
[White "Gruenenwald, Joerg"]
[Black "Stangl, Markus"]
[Result "0-1"]
[WhiteElo "2330"]
[BlackElo "2530"]
[PlyCount "98"]
[EventDate "1997.10.??"]
[EventType "team"]
[EventRounds "15"]
[EventCountry "GER"]
[SourceTitle "Bundesliga 9798"]
[Source "DeepChess"]
[SourceDate "2005.01.01"]
[SourceVersion "1"]
[SourceVersionDate "2005.01.01"]
[SourceQuality "1"]
[WhiteTeam "SK Zaehringen 1921"]
[BlackTeam "SG Porz e.V."]
[WhiteTeamCountry "GER"]
[BlackTeamCountry "GER"]

1. d4 d5 2. Nf3 e6 3. c4 c6 4. Qc2 Nf6 5. g3 dxc4 6. Qxc4 b5 7. Qb3 Bb7 8. Bg2
Nbd7 9. O-O a6 10. a4 Bd6 11. Bf4 Bxf4 12. gxf4 Nd5 13. e3 h6 14. Nc3 g5 15.
Nxd5 exd5 16. axb5 axb5 17. Rxa8 Bxa8 18. Qa3 f6 19. Ra1 Bb7 20. b3 Qc7 21. f5
Kf7 22. Qb4 Nb8 23. Ne1 Na6 24. Qd2 Qd7 25. Qa5 Rb8 26. Nd3 Qxf5 27. Nb4 Qc8
28. Nxa6 Ra8 29. Nc5 Rxa5 30. Rxa5 Qb8 31. Bxd5+ cxd5 32. Rxb5 Kg6 33. Rxb7 Qa8
34. b4 h5 35. h3 Qa1+ 36. Kg2 Qd1 37. b5 g4 38. hxg4 Qxg4+ 39. Kf1 h4 40. Rb8
Kf5 41. Rh8 h3 42. Ke1 h2 43. b6 Qg1+ 44. Kd2 Qxf2+ 45. Kd3 Qf1+ 46. Kc3 h1=Q
47. Rxh1 Qxh1 48. b7 Qb1 49. Nb3 Qe1+ 0-1

[Event "Bundesliga 9798"]
[Site "Deutschland"]
[Date "1998.??.??"]
[Round "?.6"]
[White "Vogt, Lothar"]
[Black "Roos, Jean Luc"]
[Result "0-1"]
[WhiteElo "2515"]
[BlackElo "2310"]
[PlyCount "106"]
[EventDate "1997.10.??"]
[EventType "team"]
[EventRounds "15"]
[EventCountry "GER"]
[SourceTitle "Bundesliga 9798"]
[Source "DeepChess"]
[SourceDate "2005.01.01"]
[SourceVersion "1"]
[SourceVersionDate "2005.01.01"]
[SourceQuality "1"]
[WhiteTeam "SG Porz e.V."]
[BlackTeam "SK Zaehringen 1921"]
[WhiteTeamCountry "GER"]
[BlackTeamCountry "GER"]

1. e4 e6 2. d4 d5 3. Nc3 Bb4 4. e5 c5 5. a3 Bxc3+ 6. bxc3 Qa5 7. Bd2 Ne7 8. Qg4
cxd4 9. cxd4 Qa4 10. Bd3 h5 11. Qh4 Nbc6 12. Nf3 b6 13. O-O Ba6 14. Bxa6 Qxa6
15. Be3 Qc4 16. Rfc1 Rc8 17. Rab1 Nf5 18. Qf4 Nce7 19. Nd2 Qe2 20. a4 Rc3 21.
Re1 Qa6 22. Ra1 Rxc2 23. Nf3 Qd3 24. a5 b5 25. a6 b4 26. Reb1 Nxe3 27. fxe3 Ng6
28. Qg5 Ra2 29. Ne1 Qe4 30. Rxa2 Qxb1 31. Re2 Qd1 32. Kf2 b3 33. Rb2 O-O 34.
Qg3 Qa1 35. Nd3 Rc8 36. Ke2 Rc2+ 37. Rxc2 bxc2 38. Qe1 Qxa6 39. Kd2 Qc4 40. Qa1
Nh4 41. Nf4 Nf5 42. Qc1 Qb3 43. Nd3 a5 44. g3 a4 45. Qxc2 Qxc2+ 46. Kxc2 Nxe3+
47. Kc3 Nf1 48. Nf4 g6 49. Kb4 Nxh2 50. Kxa4 Nf1 51. Ne2 g5 52. Kb4 Kg7 53. Kc3
Kg6 0-1